[Event "45th Nordic Ch"]
[Site "Reykjavik ISL"]
[Date "1997.10.12"]
[Round "5"]
[White "Hansen, Curt"]
[Black "Westerinen, Heikki"]
[Result "1/2-1/2"]
[WhiteElo "2600"]
[BlackElo "2410"]
[EventDate "1997.10.08"]
[PlyCount "102"]

1.e4 e5 2.Nf3 Nc6 3.Bb5 Nf6 4.O-O Nxe4 5.d4 Nd6 6.Bxc6 dxc6 7.dxe5 Ne4 8.
Qe2 Bf5 9.Rd1 Qc8 10.Nd4 Bc5 11.Be3 O-O 12.f3 Bxd4 13.Bxd4 Ng5 14.Nc3 Re8 
15.Rd2 Ne6 16.Be3 Nf8 17.f4 Qe6 18.h3 Qg6 19.Kh2 h5 20.Rad1 Ne6 21.Qf2 
Rad8 22.b4 Rxd2 23.Rxd2 Rd8 24.Rxd8+ Nxd8 25.Bxa7 Bxc2 26.Be3 Qd3 27.Qd2 
Qxd2 28.Bxd2 f6 29.exf6 gxf6 30.g4 hxg4 31.hxg4 f5 32.g5 Kf7 33.Kg3 Kg6 
34.Be3 Nf7 35.Bc5 Nd8 36.Kf3 Bd3 37.Ke3 Bf1 38.Nb1 Bc4 39.a3 Ne6 40.Nd2 
Bd5 41.Bd4 b5 42.Nb1 Ba2 43.Nc3 Bb3 44.Be5 Kh5 45.Ne2 Kg6 46.Ng1 Bd1 47.
Nh3 Bb3 48.Nf2 Bc4 49.Kd2 c5 50.bxc5 Nxc5 51.Bxc7 Ne4+ 1/2-1/2

[Event "45th Nordic Ch"]
[Site "Reykjavik ISL"]
[Date "1997.10.14"]
[Round "6"]
[White "Stefansson, Hannes Hlifar"]
[Black "Thorhallsson, Throestur"]
[Result "1-0"]
[WhiteElo "2545"]
[BlackElo "2510"]
[EventDate "1997.10.08"]
[PlyCount "48"]

1.c4 e6 2.Nf3 d5 3.b3 Be7 4.Bb2 Bf6 5.Nc3 dxc4 6.bxc4 c5 7.e3 Nc6 8.Be2 b6
9.d4 cxd4 10.exd4 Be7 11.O-O Nf6 12.d5 Na5 13.Qc2 a6 14.Rad1 Qc7 15.Ne4 
exd5 16.Be5 Qc6 17.Nd4 Qd7 18.cxd5 Bb7 19.Nf5 O-O 20.Nxf6+ Bxf6 21.Bxf6 
gxf6 22.Bg4 Kh8 23.Qc3 Qd8 24.Rfe1 Rg8 1-0

[Event "45th Nordic Ch"]
[Site "Reykjavik ISL"]
[Date "1997.10.14"]
[Round "6"]
[White "Hillarp Persson, Tiger"]
[Black "Aakesson, Ralf"]
[Result "0-1"]
[WhiteElo "2445"]
[BlackElo "2520"]
[EventDate "1997.10.08"]
[PlyCount "72"]

1.d4 e6 2.c4 Nf6 3.Nc3 Bb4 4.e3 O-O 5.Ne2 d5 6.a3 Be7 7.cxd5 exd5 8.g3 a5 
9.Bg2 Re8 10.O-O c6 11.Kh1 Nbd7 12.f3 c5 13.g4 h6 14.Nf4 Nb6 15.a4 Bd7 16.
b3 Rc8 17.Bd2 Bd6 18.Nce2 c4 19.Ng3 cxb3 20.Qxb3 Nc4 21.Bc1 Bb4 22.Ra2 
Nxe3 23.Bxe3 Rc3 24.Qxc3 Bxc3 25.Bf2 Qb6 26.Nge2 Bb4 27.h4 Qa6 28.Ng3 Bd6 
29.Nfe2 Qc4 30.Rb2 Bxa4 31.g5 hxg5 32.hxg5 Nh5 33.Nxh5 Rxe2 34.Rxb7 Rxf2 
35.Rxf2 Qc1+ 36.Bf1 Qxg5 0-1

[Event "45th Nordic Ch"]
[Site "Reykjavik ISL"]
[Date "1997.10.14"]
[Round "6"]
[White "Hjartarson, Johann"]
[Black "Tisdall, Jonathan"]
[Result "1/2-1/2"]
[WhiteElo "2605"]
[BlackElo "2480"]
[EventDate "1997.10.08"]
[PlyCount "126"]

1.e4 c5 2.Nf3 d6 3.d4 cxd4 4.Nxd4 Nf6 5.Nc3 g6 6.Be3 Bg7 7.f3 Nc6 8.Qd2 
O-O 9.g4 Nxd4 10.Bxd4 Be6 11.h4 Qa5 12.h5 Rfc8 13.hxg6 hxg6 14.a3 b5 15.
Bd3 Bc4 16.g5 Nh5 17.Bxg7 Kxg7 18.Bxc4 Rxc4 19.Nd5 Qxd2+ 20.Kxd2 Rac8 21.
c3 e6 22.Ne3 R4c5 23.Rag1 Nf4 24.Rg4 e5 25.Rgh4 Kf8 26.Rh7 Ke7 27.Rd1 d5 
28.exd5 Nxd5 29.Ng4 Nf4 30.Re1 Ke6 31.Kc2 a5 32.Re4 R8c7 33.Rh1 Kf5 34.Rg1
Kxg5 35.Nxe5+ Kf5 36.Ng4 Ne6 37.Kb3 g5 38.Rge1 Nf4 39.Re8 Ng6 40.R1e4 Nh4 
41.Ne3+ Kf6 42.f4 Ng6 43.fxg5+ Kxg5 44.Rg4+ Kh5 45.Rg3 Re7 46.Ra8 Rce5 47.
Nc2 a4+ 48.Ka2 f5 49.Rg8 R7e6 50.Nd4 Rf6 51.Rg7 Kh6 52.Rb7 f4 53.Rf3 Nh4 
54.Rf2 f3 55.Nxb5 Rg5 56.Nd4 Rg2 57.Rf1 f2 58.Nc2 Rg1 59.Ne3 Rf3 60.Rb4 
Kh5 61.Rxa4 Ng2 62.Ra5+ Kg6 63.Nxg2 1/2-1/2

[Event "45th Nordic Ch"]
[Site "Reykjavik ISL"]
[Date "1997.10.14"]
[Round "6"]
[White "Gausel, Einar"]
[Black "Schandorff, Lars"]
[Result "1-0"]
[WhiteElo "2540"]
[BlackElo "2505"]
[EventDate "1997.10.08"]
[PlyCount "62"]

1.d4 d5 2.c4 dxc4 3.e3 Nf6 4.Bxc4 e6 5.Nf3 c5 6.O-O a6 7.Bd3 Nbd7 8.Qe2 b6
9.Rd1 Bb7 10.Nc3 Qb8 11.h3 Be7 12.dxc5 Nxc5 13.Bc2 Nfe4 14.Nxe4 Nxe4 15.
Rd4 f5 16.Rd1 O-O 17.Nd4 Rf6 18.f3 Ng3 19.Qf2 Bd6 20.Bb3 Kh8 21.Nxe6 Nh5 
22.f4 Rg6 23.Ng5 Rxg5 24.fxg5 Bh2+ 25.Kh1 Qe5 26.Rd4 Rf8 27.Bd1 Bg3 28.Qd2
Qe8 29.Kg1 Be5 30.Bxh5 Qxh5 31.Rd8 1-0

[Event "45th Nordic Ch"]
[Site "Reykjavik ISL"]
[Date "1997.10.14"]
[Round "6"]
[White "Nilssen, John Arni"]
[Black "Hector, Jonny"]
[Result "0-1"]
[WhiteElo "2315"]
[BlackElo "2470"]
[EventDate "1997.10.08"]
[PlyCount "68"]

1.d4 d5 2.c4 c6 3.Nf3 Nf6 4.e3 Bf5 5.Bd3 e6 6.O-O Be7 7.Nc3 O-O 8.b3 Nbd7 
9.Bb2 Qa5 10.Qc2 dxc4 11.Bxf5 Qxf5 12.Qxf5 exf5 13.bxc4 Nb6 14.Nd2 Rfd8 
15.a4 a5 16.g3 Bb4 17.Rfd1 c5 18.d5 Ne8 19.Ncb1 Nd6 20.Rc1 Re8 21.Bc3 Rac8
22.Na3 Nxa4 23.Bxb4 axb4 24.Nb5 Nxb5 25.cxb5 Nc3 26.Kf1 Rcd8 27.Nc4 Rxd5 
28.b6 g5 29.Ra7 Rb8 30.Na5 Rd7 31.Nc6 Rc8 32.Na5 c4 33.Nxb7 b3 34.Nc5 b2 
0-1

[Event "45th Nordic Ch"]
[Site "Reykjavik ISL"]
[Date "1997.10.14"]
[Round "6"]
[White "Djurhuus, Rune"]
[Black "Hansen, Curt"]
[Result "1-0"]
[WhiteElo "2525"]
[BlackElo "2600"]
[EventDate "1997.10.08"]
[PlyCount "72"]

1.d4 Nf6 2.c4 e6 3.Nc3 Bb4 4.e3 c5 5.Bd3 Nc6 6.Nf3 Bxc3+ 7.bxc3 d6 8.O-O 
e5 9.Nd2 O-O 10.Rb1 Re8 11.d5 Ne7 12.f3 Bf5 13.e4 Bc8 14.g3 h6 15.Rf2 b6 
16.Nf1 Nh7 17.Ne3 Ng5 18.Kh1 Nh3 19.Rf1 Ng6 20.Rb2 Rb8 21.Nf5 Ne7 22.Kg2 
Nxf5 23.exf5 Ng5 24.h4 Nh7 25.Rh1 Rb7 26.Be4 f6 27.g4 Kf8 28.Be3 Ke7 29.
Bc2 Rg8 30.Kf2 Kd7 31.Ba4+ Kc7 32.Bc6 Rb8 33.Qa4 a5 34.Rd1 Bd7 35.Rdb1 Nf8
36.Rxb6 1-0

[Event "45th Nordic Ch"]
[Site "Reykjavik ISL"]
[Date "1997.10.15"]
[Round "7"]
[White "Gretarsson, Helgi Ass"]
[Black "Djurhuus, Rune"]
[Result "0-1"]
[WhiteElo "2475"]
[BlackElo "2525"]
[EventDate "1997.10.08"]
[PlyCount "60"]

1.c4 g6 2.d4 Nf6 3.Nc3 c5 4.dxc5 Qa5 5.a3 Qxc5 6.e4 d6 7.Be3 Qa5 8.f3 Bg7 
9.Ne2 O-O 10.Nd4 Nc6 11.b4 Qd8 12.Be2 a5 13.Rb1 axb4 14.axb4 Nh5 15.Ndb5 
f5 16.O-O fxe4 17.fxe4 Rxf1+ 18.Qxf1 Nf6 19.h3 Be6 20.Nd4 Nxd4 21.Bxd4 
Nxe4 22.Bxg7 Nd2 23.Qc1 Nxb1 24.Bh6 Qb6+ 25.c5 Qxb4 26.Nxb1 Ra1 27.Bd3 
Qxc5+ 28.Qxc5 dxc5 29.Kf2 b5 30.Nc3 Ra3 0-1

[Event "45th Nordic Ch"]
[Site "Reykjavik ISL"]
[Date "1997.10.15"]
[Round "7"]
[White "Thorhallsson, Throestur"]
[Black "Westerinen, Heikki"]
[Result "1-0"]
[WhiteElo "2510"]
[BlackElo "2410"]
[EventDate "1997.10.08"]
[PlyCount "94"]

1.e4 d5 2.Nc3 dxe4 3.Nxe4 Bf5 4.Ng3 Bg6 5.h4 h6 6.Nf3 Nd7 7.d4 Ngf6 8.h5 
Bh7 9.d5 Rc8 10.c3 c6 11.dxc6 Rxc6 12.Be3 e6 13.Qb3 Bc5 14.Bb5 Bxe3 15.
Bxc6 Bxf2+ 16.Kxf2 bxc6 17.Rad1 Qc7 18.Qb4 c5 19.Qh4 O-O 20.Rhe1 c4 21.Kg1
Bd3 22.Rd2 Rb8 23.Nd4 Nc5 24.Rf2 Na4 25.Re3 Rxb2 26.Rxf6 gxf6 27.Qxf6 Rb1+
28.Kh2 Rf1 29.Nf3 Nc5 30.Qxh6 Ne4 31.Rxe4 Bxe4 32.Qg5+ Kf8 33.Nd2 Rf4 34.
Ndxe4 Rxe4 35.h6 Re5 36.Qg7+ Ke7 37.Kh3 Rb5 38.h7 Rb8 39.h8=Q Rxh8+ 40.
Qxh8 Qc5 41.Qh4+ Ke8 42.Qf4 f5 43.Ne2 Kf7 44.Nd4 Qa3 45.Qc7+ Kf6 46.Qxc4 
Qe7 47.Nc6 1-0

[Event "45th Nordic Ch"]
[Site "Reykjavik ISL"]
[Date "1997.10.15"]
[Round "7"]
[White "Hansen, Curt"]
[Black "Gausel, Einar"]
[Result "1/2-1/2"]
[WhiteElo "2600"]
[BlackElo "2540"]
[EventDate "1997.10.08"]
[PlyCount "38"]

1.e4 e5 2.Nf3 Nc6 3.Bb5 a6 4.Ba4 Nf6 5.O-O Bc5 6.c3 b5 7.Bb3 d6 8.a4 Rb8 
9.d4 Bb6 10.axb5 axb5 11.Na3 Bg4 12.Nxb5 O-O 13.Bc2 d5 14.Bg5 exd4 15.cxd4
dxe4 16.Bxe4 Bxf3 17.Qxf3 Nxd4 18.Nxd4 Qxd4 19.Bxf6 1/2-1/2

[Event "45th Nordic Ch"]
[Site "Reykjavik ISL"]
[Date "1997.10.15"]
[Round "7"]
[White "Schandorff, Lars"]
[Black "Nilssen, John Arni"]
[Result "1-0"]
[WhiteElo "2505"]
[BlackElo "2315"]
[EventDate "1997.10.08"]
[PlyCount "136"]

1.d4 f5 2.g3 Nf6 3.Bg2 c6 4.Nf3 g6 5.c3 Bg7 6.Qb3 e6 7.Nbd2 d5 8.Ne5 Nbd7 
9.Nd3 O-O 10.Nf3 Qe7 11.Qc2 Ne4 12.b3 Re8 13.O-O Bf6 14.c4 Qg7 15.Bb2 Ng5 
16.Nfe5 Nf7 17.f4 Be7 18.a4 Nd6 19.e3 Nf6 20.b4 dxc4 21.Nxc4 Nd5 22.Rfe1 
Nxc4 23.Qxc4 Bd7 24.Qb3 Bf6 25.b5 Rac8 26.Ne5 Red8 27.Rac1 Be8 28.Ba3 Be7 
29.Bxe7 Qxe7 30.Rc2 Rc7 31.Rec1 Rdc8 32.Rc5 Kg7 33.Bxd5 exd5 34.b6 axb6 
35.Qxb6 Ra8 36.a5 Ra6 37.Qb4 Bd7 38.Rb1 Qd8 39.Rc3 Bc8 40.Kf2 Re7 41.Ra3 
Re6 42.Nd3 Re7 43.Nc5 Ra8 44.Qc3 Qe8 45.Rb2 Qd8 46.Ke1 Qe8 47.Kd2 Kg8 48.
Kc1 Qf8 49.Kb1 Qd8 50.Ka2 Qe8 51.Rb6 Rc7 52.Rab3 Ra7 53.Qd2 Re7 54.Kb2 Rc7
55.Nd3 Re7 56.Ne5 Ra8 57.Qb4 Re6 58.Qc5 Rf6 59.a6 Rxa6 60.Rxa6 bxa6 61.Rb8
Re6 62.Qa7 Rf6 63.Qc7 Rf8 64.Ka3 Kh8 65.Ra8 Qe6 66.Ra7 Qg8 67.Qe7 Be6 68.
Nxg6+ 1-0

[Event "45th Nordic Ch"]
[Site "Reykjavik ISL"]
[Date "1997.10.16"]
[Round "8"]
[White "Gausel, Einar"]
[Black "Gretarsson, Helgi Ass"]
[Result "1/2-1/2"]
[WhiteElo "2540"]
[BlackElo "2475"]
[EventDate "1997.10.08"]
[PlyCount "124"]

1.c4 e5 2.Nc3 Nf6 3.Nf3 Nc6 4.a3 e4 5.Ng5 Qe7 6.d3 exd3 7.Qxd3 Ne5 8.Qc2 
h6 9.Nge4 Nxe4 10.Qxe4 c6 11.Bf4 d6 12.c5 Qe6 13.cxd6 Bxd6 14.Rd1 Bc7 15.
e3 O-O 16.Be2 Qf6 17.O-O Bf5 18.Qa4 Qe7 19.Bg3 b5 20.Qb3 a5 21.Rd4 a4 22.
Qa2 Bb6 23.Rdd1 Ba5 24.Rd4 Bb6 25.Rdd1 Ba5 26.Qa1 Rfd8 27.Qc1 Rxd1 28.Rxd1
Rd8 29.Rxd8+ Bxd8 30.e4 Bd7 31.Qe3 Ba5 32.Qd4 Ng6 33.h4 c5 34.Qd5 Bxc3 35.
bxc3 c4 36.h5 Nf8 37.Bd6 Qe8 38.e5 Bc6 39.Qd2 Ne6 40.f4 Qd8 41.g3 Qb6+ 42.
Kf1 Bb7 43.Bg4 Qc6 44.Qe3 Qg2+ 45.Ke1 Qh1+ 46.Kd2 Qg2+ 47.Ke1 Qh1+ 48.Kd2 
Be4 49.Bxe6 fxe6 50.Qe1 Qf3 51.Qe3 Qg2+ 52.Qe2 Qh1 53.Qe1 Qxe1+ 54.Kxe1 
Bf3 55.Kf2 Bxh5 56.Ke3 Be8 57.Bc5 h5 58.Be7 Kf7 59.Bh4 Kg6 60.Kd4 Kf5 61.
Kc5 Kg4 62.Kb4 1/2-1/2

[Event "45th Nordic Ch"]
[Site "Reykjavik ISL"]
[Date "1997.10.16"]
[Round "8"]
[White "Stefansson, Hannes Hlifar"]
[Black "Westerinen, Heikki"]
[Result "0-1"]
[WhiteElo "2545"]
[BlackElo "2410"]
[EventDate "1997.10.08"]
[PlyCount "116"]

1.e4 Nf6 2.e5 Nd5 3.d4 Nb6 4.a4 a5 5.Nf3 d5 6.Bd3 Bg4 7.h3 Bxf3 8.Qxf3 e6 
9.Qg3 c5 10.dxc5 N6d7 11.Nc3 Nxc5 12.Nb5 Nxd3+ 13.cxd3 Bb4+ 14.Kf1 Kf8 15.
h4 Nc6 16.h5 h6 17.Rh4 Ne7 18.Rf4 Qd7 19.Nd4 Rc8 20.Be3 Nc6 21.Nf3 Kg8 22.
Rg4 Bf8 23.Bb6 Kh7 24.Nd2 Ne7 25.Bxa5 Nf5 26.Qf3 Be7 27.Nb3 Rhf8 28.Bc3 f6
29.Qe2 fxe5 30.Bxe5 Bf6 31.Kg1 Qf7 32.Rf4 Bxe5 33.Qxe5 Qxh5 34.Qxe6 Qg5 
35.Rf3 Rce8 36.Qd7 Re7 37.Qb5 Nd6 38.Rxf8 Nxb5 39.axb5 Qe5 40.d4 Qe2 41.
Rf3 Qxb5 42.Ra5 Re1+ 43.Kh2 Qd7 44.Ra1 Qc7+ 45.g3 Re2 46.Nc5 Qb6 47.b3 Qb4
48.Ra4 Qe1 49.Kg2 Qb1 50.Rb4 Re1 51.Re3 Rg1+ 52.Kf3 Qf5+ 53.Ke2 Qh5+ 54.
Rf3 Rc1 55.Nd3 Rc2+ 56.Ke3 Qg5+ 57.Nf4 Qe7+ 58.Kd3 Qe4# 0-1

[Event "45th Nordic Ch"]
[Site "Reykjavik ISL"]
[Date "1997.10.16"]
[Round "8"]
[White "Hillarp Persson, Tiger"]
[Black "Hector, Jonny"]
[Result "0-1"]
[WhiteElo "2445"]
[BlackElo "2470"]
[EventDate "1997.10.08"]
[PlyCount "74"]

1.d4 d5 2.c4 c6 3.Nf3 Nf6 4.Nc3 dxc4 5.a4 Bf5 6.Ne5 Nbd7 7.Nxc4 Qc7 8.g3 
e5 9.dxe5 Nxe5 10.Bf4 Nfd7 11.Nxe5 Nxe5 12.Qd4 Bd6 13.Rd1 Qe7 14.Bg2 Bc7 
15.O-O O-O 16.Ne4 Rfe8 17.Qc5 Bg4 18.Rd2 f6 19.Qc3 a5 20.Nc5 Bd6 21.Rc1 
Kh8 22.h3 Bh5 23.Qc2 Bg6 24.Bxe5 Bxe5 25.Qc4 Bd6 26.e3 Rad8 27.Rcd1 Bh5 
28.g4 Bg6 29.Qc3 Bf7 30.Qc2 Bxc5 31.Rxd8 Rxd8 32.Rxd8+ Qxd8 33.Qxc5 Qd1+ 
34.Bf1 Qxa4 35.Qe7 Qb3 36.Kh2 Bg8 37.Be2 0-1

[Event "45th Nordic Ch"]
[Site "Reykjavik ISL"]
[Date "1997.10.16"]
[Round "8"]
[White "Hjartarson, Johann"]
[Black "Schandorff, Lars"]
[Result "1-0"]
[WhiteElo "2605"]
[BlackElo "2505"]
[EventDate "1997.10.08"]
[PlyCount "78"]

1.e4 c5 2.Nf3 Nc6 3.d4 cxd4 4.Nxd4 Nf6 5.Nc3 e5 6.Ndb5 d6 7.Bg5 a6 8.Na3 
b5 9.Nd5 Be7 10.Bxf6 Bxf6 11.c3 O-O 12.Nc2 Rb8 13.h4 Ne7 14.Nxf6+ gxf6 15.
Bd3 f5 16.exf5 Nxf5 17.Qh5 e4 18.Be2 Ng7 19.Qh6 Rb6 20.Qd2 f5 21.Ne3 Be6 
22.g3 a5 23.a3 b4 24.axb4 axb4 25.cxb4 d5 26.Qd4 Bf7 27.b5 Ne6 28.Qe5 Ng7 
29.Nxf5 Nxf5 30.Qxf5 d4 31.O-O d3 32.Bh5 Bg6 33.Qc5 Bxh5 34.Qxh5 Qd7 35.
Qg5+ Rg6 36.Qe3 Qd5 37.Ra4 Re8 38.b6 d2 39.Rd4 1-0

[Event "45th Nordic Ch"]
[Site "Reykjavik ISL"]
[Date "1997.10.17"]
[Round "9"]
[White "Gretarsson, Helgi Ass"]
[Black "Nilssen, John Arni"]
[Result "1-0"]
[WhiteElo "2475"]
[BlackElo "2315"]
[EventDate "1997.10.08"]
[PlyCount "54"]

1.d4 f5 2.Bg5 c6 3.Nc3 Qb6 4.Rb1 g6 5.e4 fxe4 6.Nxe4 Bg7 7.Nf3 Nf6 8.Bxf6 
Bxf6 9.Nxf6+ exf6 10.Qd2 O-O 11.h4 Re8+ 12.Kd1 d5 13.h5 Qc7 14.hxg6 hxg6 
15.Rh6 Kg7 16.Bd3 Bf5 17.Nh4 Bxd3 18.cxd3 Rh8 19.Rxh8 Kxh8 20.Qh6+ Kg8 21.
Qxg6+ Qg7 22.Qe8+ Qf8 23.Qe6+ Qf7 24.Qc8+ Kh7 25.Kc2 Qd7 26.Qf8 Qg7 27.Qe8
1-0

[Event "45th Nordic Ch"]
[Site "Reykjavik ISL"]
[Date "1997.10.17"]
[Round "9"]
[White "Thorhallsson, Throestur"]
[Black "Gausel, Einar"]
[Result "0-1"]
[WhiteElo "2510"]
[BlackElo "2540"]
[EventDate "1997.10.08"]
[PlyCount "132"]

1.e4 Nf6 2.e5 Nd5 3.c4 Nb6 4.c5 Nd5 5.Nc3 Nxc3 6.dxc3 Nc6 7.Nf3 e6 8.Be3 
b6 9.Bb5 Bb7 10.cxb6 axb6 11.O-O Be7 12.Qd3 O-O 13.Rfd1 d5 14.exd6 cxd6 
15.Qe4 Qc7 16.Qg4 Rad8 17.Bd3 Ne5 18.Nxe5 dxe5 19.Qc4 Qb8 20.Bxb6 Rc8 21.
Qb3 Qa8 22.Bf1 Bc6 23.a4 h5 24.a5 h4 25.c4 f5 26.Qc3 Rf6 27.Qxe5 Rg6 28.g3
Rf8 29.Be3 Qe8 30.Bf4 hxg3 31.fxg3 Bf6 32.Qc5 Bxb2 33.Bd6 Bxa1 34.Bxf8 Bf6
35.Bd6 Rh6 36.Be2 Bg5 37.Rb1 Kh7 38.Be5 Be4 39.Rd1 Be7 40.Qe3 Qa4 41.Bc3 
Ba8 42.Rf1 Qc6 43.Bf3 Qxc4 44.Kg2 f4 45.Qe1 fxg3 46.hxg3 Qa2+ 47.Qd2 Bxf3+
48.Rxf3 Qa4 49.Qd3+ Kg8 50.Qd4 Qc2+ 51.Rf2 Qh7 52.Qf4 Rh2+ 53.Kg1 Rh1+ 54.
Kg2 Qh3+ 55.Kf3 Qh5+ 56.Kg2 Bc5 57.Bd4 Qh3+ 58.Kf3 Qh5+ 59.Kg2 Rd1 60.Rf1 
Rxf1 61.Kxf1 Qd1+ 62.Kg2 Qxd4 63.Qb8+ Kh7 64.Qb1+ g6 65.Qb7+ Kh6 66.a6 0-1

[Event "45th Nordic Ch"]
[Site "Reykjavik ISL"]
[Date "1997.10.17"]
[Round "9"]
[White "Tisdall, Jonathan"]
[Black "Stefansson, Hannes Hlifar"]
[Result "1/2-1/2"]
[WhiteElo "2480"]
[BlackElo "2545"]
[EventDate "1997.10.08"]
[PlyCount "36"]

1.Nf3 Nf6 2.c4 b6 3.g3 Bb7 4.Bg2 e6 5.O-O Be7 6.d4 O-O 7.d5 exd5 8.Nh4 c6 
9.cxd5 Nxd5 10.Nf5 Nc7 11.e4 d5 12.Re1 Re8 13.exd5 cxd5 14.Nc3 Bf8 15.Rxe8
Qxe8 16.Bf4 Nba6 17.Qg4 Qe6 18.Rd1 g6 1/2-1/2

[Event "45th Nordic Ch"]
[Site "Reykjavik ISL"]
[Date "1997.10.17"]
[Round "9"]
[White "Hansen, Curt"]
[Black "Hjartarson, Johann"]
[Result "0-1"]
[WhiteElo "2600"]
[BlackElo "2605"]
[EventDate "1997.10.08"]
[PlyCount "90"]

1.c4 e5 2.Nc3 Nc6 3.Nf3 Nf6 4.g3 Nd4 5.Bg2 Nxf3+ 6.Bxf3 Bb4 7.Qb3 Bc5 8.d3
O-O 9.O-O Re8 10.Bd2 c6 11.Rac1 h6 12.Qa4 Bf8 13.Rfd1 d6 14.b4 Bg4 15.Bxg4
Nxg4 16.b5 Qd7 17.bxc6 bxc6 18.f3 Nf6 19.Rb1 Rec8 20.Kg2 Qe6 21.Rb7 d5 22.
cxd5 cxd5 23.Qb3 Rc6 24.Rb1 a6 25.Rb2 Rac8 26.Na4 e4 27.dxe4 dxe4 28.Qxe6 
exf3+ 29.exf3 Rxe6 30.Nc3 Rec6 31.Ne2 Ba3 32.R2b3 Rc2 33.Rxa3 Rxd2 34.Kf1 
Rcc2 35.Re7 Rxa2 36.Rxa2 Rxa2 37.h4 Nd5 38.Re5 Nb4 39.Re8+ Kh7 40.Rf8 a5 
41.Rxf7 a4 42.Rb7 Nd5 43.Nd4 a3 44.Ra7 Rd2 45.Nb3 Rb2 0-1

[Event "45th Nordic Ch"]
[Site "Reykjavik ISL"]
[Date "1997.10.17"]
[Round "9"]
[White "Hector, Jonny"]
[Black "Aakesson, Ralf"]
[Result "1-0"]
[WhiteElo "2470"]
[BlackElo "2520"]
[EventDate "1997.10.08"]
[PlyCount "82"]

1.e4 e6 2.d4 d5 3.Nc3 Bb4 4.e5 b6 5.Bd2 Bf8 6.Qh5 Ba6 7.Nh3 Bxf1 8.Rxf1 
Qd7 9.f4 g6 10.Qe2 Ne7 11.g4 Nbc6 12.Be3 h5 13.f5 gxf5 14.gxh5 Bh6 15.Bxh6
Rxh6 16.O-O-O O-O-O 17.Rg1 Kb7 18.Rg7 Rdh8 19.Nf4 R6h7 20.Rg5 Nd8 21.b3 
Rf8 22.Rdg1 Nec6 23.Qe3 Qe7 24.Kb2 Qb4 25.Nce2 Na5 26.Qd3 Qe7 27.Rg7 Rxg7 
28.Rxg7 Rh8 29.Qg3 Qb4 30.c3 Qf8 31.Qg5 c5 32.Qf6 Ka6 33.h6 cxd4 34.Nxd4 
Nac6 35.Nc2 Qc5 36.Nd3 Qf8 37.h7 Ne7 38.Ndb4+ Kb7 39.Rg8 Rxg8 40.Qxe7+ Kc8
41.hxg8=Q 1-0

[Event "45th Nordic Ch"]
[Site "Reykjavik ISL"]
[Date "1997.10.17"]
[Round "9"]
[White "Westerinen, Heikki"]
[Black "Djurhuus, Rune"]
[Result "0-1"]
[WhiteElo "2410"]
[BlackElo "2525"]
[EventDate "1997.10.08"]
[PlyCount "86"]

1.e4 c5 2.Nf3 d6 3.c3 Nf6 4.h3 Nbd7 5.Bd3 b6 6.O-O Bb7 7.Re1 Qc7 8.Bc2 Rc8
9.d3 g6 10.Bf4 e5 11.Bh2 Bg7 12.Na3 a6 13.d4 b5 14.dxe5 dxe5 15.Qd2 O-O 
16.Rad1 c4 17.Qd6 Qxd6 18.Rxd6 Rfe8 19.Rdd1 Re7 20.Nb1 Nh5 21.a4 Nc5 22.
axb5 axb5 23.Na3 Bc6 24.g4 Nf4 25.Bxf4 exf4 26.Nd4 Rb7 27.Nxc6 Rxc6 28.Rd5
Bf8 29.Kg2 Rcb6 30.Ra1 Ne6 31.Nb1 b4 32.Nd2 bxc3 33.bxc3 Rb2 34.Ba4 Ra7 
35.Nxc4 Rb8 36.Ra5 Rc7 37.Ne5 Rxc3 38.Nd7 Rb2 39.Ra8 Rg3+ 40.Kf1 Rf3 41.e5
Rfxf2+ 42.Ke1 Rbe2+ 43.Kd1 Nd4 0-1

[Event "45th Nordic Ch"]
[Site "Reykjavik ISL"]
[Date "1997.10.19"]
[Round "10"]
[White "Hjartarson, Johann"]
[Black "Gretarsson, Helgi Ass"]
[Result "1-0"]
[WhiteElo "2605"]
[BlackElo "2475"]
[EventDate "1997.10.08"]
[PlyCount "74"]

1.e4 e5 2.Nf3 d6 3.d4 Nf6 4.Nc3 Nbd7 5.Bc4 Be7 6.O-O O-O 7.Re1 c6 8.a4 b6 
9.d5 cxd5 10.Nxd5 Bb7 11.b3 Rc8 12.Re2 Nxd5 13.Bxd5 Ba6 14.c4 Nf6 15.Ba3 
Qd7 16.Qd2 Nxd5 17.exd5 f5 18.Rae1 Bf6 19.h3 Rfd8 20.Nh2 f4 21.Nf3 Bb7 22.
Qd3 a6 23.Nd2 Qf7 24.g3 fxg3 25.fxg3 b5 26.Ne4 Be7 27.Bb4 Rb8 28.Rf2 Qh5 
29.Ref1 bxc4 30.bxc4 Bc8 31.g4 Qg6 32.Ba5 Re8 33.c5 dxc5 34.d6 Bh4 35.Rf3 
Bb7 36.Qc4+ Qe6 37.Rf8+ 1-0

[Event "45th Nordic Ch"]
[Site "Reykjavik ISL"]
[Date "1997.10.19"]
[Round "10"]
[White "Nilssen, John Arni"]
[Black "Thorhallsson, Throestur"]
[Result "1/2-1/2"]
[WhiteElo "2315"]
[BlackElo "2510"]
[EventDate "1997.10.08"]
[PlyCount "102"]

1.d4 Nf6 2.c4 c5 3.d5 b5 4.cxb5 a6 5.bxa6 g6 6.Nc3 Bxa6 7.Nf3 Bg7 8.g3 O-O
9.Bg2 d6 10.O-O Nbd7 11.Re1 Qa5 12.h3 Rfb8 13.e4 Ne8 14.Qc2 Nc7 15.Bf4 
Rxb2 16.Qxb2 Qxc3 17.Qb3 Qxb3 18.axb3 Bxa1 19.Rxa1 f6 20.Nd2 Rb8 21.Bf1 
Bxf1 22.Kxf1 Nb5 23.h4 Kf7 24.Be3 Ne5 25.f3 Rb7 26.Ra8 Kg7 27.Ra1 h5 28.
Ra8 Nc3 29.Ra1 Nd3 30.Kg2 Nb4 31.Kf2 Kh7 32.Bf4 Nb5 33.Be3 Nc2 34.Ra2 Nxe3
35.Kxe3 Kg7 36.Ra1 Nd4 37.Rb1 f5 38.Kd3 Kf6 39.b4 Ra7 40.bxc5 dxc5 41.Rb6+
Kf7 42.Nc4 Nxf3 43.exf5 gxf5 44.Rc6 Rb7 45.Rxc5 Rb3+ 46.Ke2 Nd4+ 47.Kf2 
Kf6 48.d6 exd6 49.Rd5 Nb5 50.Nxd6 Rb2+ 51.Kf3 Rb3+ 1/2-1/2

[Event "45th Nordic Ch"]
[Site "Reykjavik ISL"]
[Date "1997.10.19"]
[Round "10"]
[White "Stefansson, Hannes Hlifar"]
[Black "Djurhuus, Rune"]
[Result "1-0"]
[WhiteElo "2545"]
[BlackElo "2525"]
[EventDate "1997.10.08"]
[PlyCount "98"]

1.d4 Nf6 2.c4 g6 3.Nc3 Bg7 4.e4 d6 5.f3 O-O 6.Bg5 a6 7.Qd2 c5 8.d5 b5 9.
cxb5 Qa5 10.a4 Nbd7 11.Nh3 Nb6 12.Nf2 axb5 13.Bxb5 Ba6 14.Rc1 Bxb5 15.axb5
Na4 16.Nfd1 Rfb8 17.h4 Nxc3 18.Nxc3 Qb4 19.g4 Qd4 20.Rd1 Qxd2+ 21.Kxd2 h6 
22.Bf4 Rb7 23.Ra1 Rab8 24.Ra5 Ne8 25.Kd3 Nc7 26.Kc4 Kh7 27.Rha1 Bxc3 28.
bxc3 Nxb5 29.e5 dxe5 30.Bxe5 Nd6+ 31.Bxd6 exd6 32.Ra7 Kg7 33.Rxb7 Rxb7 34.
Ra6 Rd7 35.Kb5 Kf6 36.Kc6 Rd8 37.Ra7 c4 38.f4 Rb8 39.g5+ hxg5 40.hxg5+ Kf5
41.Rxf7+ Ke4 42.Kxd6 Rb3 43.Ke6 Rxc3 44.d6 Rd3 45.f5 gxf5 46.g6 Rg3 47.Kf6
Rd3 48.d7 c3 49.g7 1-0

[Event "45th Nordic Ch"]
[Site "Reykjavik ISL"]
[Date "1997.10.19"]
[Round "10"]
[White "Hillarp Persson, Tiger"]
[Black "Hansen, Curt"]
[Result "1/2-1/2"]
[WhiteElo "2445"]
[BlackElo "2600"]
[EventDate "1997.10.08"]
[PlyCount "78"]

1.d4 d5 2.c4 e6 3.Nc3 c6 4.Nf3 Nf6 5.Bg5 h6 6.Bxf6 Qxf6 7.Qb3 Nd7 8.e4 
dxe4 9.Nxe4 Qf4 10.Nfd2 Be7 11.g3 Qc7 12.Bg2 e5 13.d5 f5 14.Nc3 Nc5 15.Qc2
e4 16.O-O O-O 17.Rad1 Bf6 18.Nb3 Nxb3 19.Qxb3 Qb6 20.Qa3 Bxc3 21.Qxc3 cxd5
22.Rxd5 Be6 23.Rd4 Rad8 24.Rfd1 Rxd4 25.Rxd4 Qc5 26.b3 a5 27.Qe3 b6 28.Qd2
Rc8 29.Rd6 Kf7 30.g4 Ke7 31.Rd4 g6 32.h4 a4 33.h5 axb3 34.axb3 Rg8 35.Kf1 
gxh5 36.gxf5 Qxf5 37.Rxe4 Rxg2 38.Rxe6+ Qxe6 39.Kxg2 Qg4+ 1/2-1/2

[Event "45th Nordic Ch"]
[Site "Reykjavik ISL"]
[Date "1997.10.19"]
[Round "10"]
[White "Gausel, Einar"]
[Black "Westerinen, Heikki"]
[Result "1-0"]
[WhiteElo "2540"]
[BlackElo "2410"]
[EventDate "1997.10.08"]
[PlyCount "146"]

1.c4 e5 2.Nc3 Nc6 3.g3 g6 4.Bg2 Bg7 5.e3 Nf6 6.Nge2 O-O 7.O-O d6 8.d3 Bg4 
9.h3 Be6 10.Nd5 Ne7 11.Qb3 Rb8 12.d4 c6 13.Nxf6+ Bxf6 14.d5 Bd7 15.Nc3 Bg7
16.Qa3 cxd5 17.cxd5 Qc7 18.Ne4 Nxd5 19.Nxd6 Bc6 20.Ne4 Nb6 21.Qb3 Bd5 22.
Nf6+ Bxf6 23.Bxd5 Nxd5 24.Qxd5 Rfd8 25.Qf3 Bg7 26.e4 Qc2 27.Be3 b6 28.b3 
Rbc8 29.Kg2 Qc6 30.g4 h6 31.Rfd1 Qb7 32.h4 Qe7 33.h5 Rd6 34.Rxd6 Qxd6 35.
hxg6 fxg6 36.Rh1 Rf8 37.Qe2 g5 38.Rc1 Kh7 39.f3 Rf7 40.Rd1 Qc6 41.Rd5 Rd7 
42.Qd2 Rxd5 43.exd5 Qd6 44.Qc2+ Qg6 45.Qc4 Qd6 46.a4 Bf8 47.Bf2 Kg8 48.Bg3
Kf7 49.Kf2 Ke7 50.Ke2 Kd8 51.Be1 Qd7 52.Bc3 Bd6 53.Kd3 Qf7 54.Qe4 Qf6 55.
Ke2 Qe7 56.Qg6 Bb4 57.Bxb4 Qxb4 58.Qf6+ Kd7 59.Qe6+ Kc7 60.Qxe5+ Kb7 61.
Qe3 Qa3 62.Qc3 Qd6 63.Qc4 Qf6 64.Ke3 Qe5+ 65.Kd3 Qf6 66.Qe4 Ka6 67.Qf5 Qd8
68.Qe6 Qf8 69.Ke2 Qc5 70.Qc6 Qe7+ 71.Kd2 Qf8 72.d6 Qf4+ 73.Kd3 1-0

[Event "45th Nordic Ch"]
[Site "Reykjavik ISL"]
[Date "1997.10.19"]
[Round "10"]
[White "Tisdall, Jonathan"]
[Black "Hector, Jonny"]
[Result "0-1"]
[WhiteElo "2480"]
[BlackElo "2470"]
[EventDate "1997.10.08"]
[PlyCount "46"]

1.d4 d5 2.c4 c6 3.Nc3 Nf6 4.Nf3 dxc4 5.a4 Bf5 6.Nh4 e6 7.Nxf5 exf5 8.g3 
Be7 9.Bg2 Na6 10.O-O O-O 11.e3 Qd7 12.Bd2 Nb4 13.Qe2 Qe6 14.Rfd1 Rad8 15.
Bf1 c5 16.Nb5 Nd3 17.b3 Ne4 18.f3 Nxd2 19.Rxd2 a6 20.bxc4 axb5 21.Qxd3 
cxd4 22.exd4 Bc5 23.Qc3 b4 0-1